Centrum chorvátskej kultúry, Jarovce

Na minha lista:
Detalhes bibliográficos
Autor principal: Gregová, Barbora (Author)
Outros Autores: Morgenstein, Peter (Thesis advisor)
Formato: Manuscrito Livro
Idioma:eslovaco
Publicado em: 2025
Assuntos:
Acesso em linha:http://is.stuba.sk/zp/portal_zp.pl?podrobnosti=168240
Tags: Adicionar Tag
Sem tags, seja o primeiro a adicionar uma tag!

MARC

LEADER 00000ntm a22000003a 4500
001 stuzp104276
003 SK-STU
005 20250614212848.3
007 ta
008 150427s2015----xo-----f-mn---000-0-slo-d
040 |a STU  |b slo 
041 0 |a slo 
100 1 |a Gregová, Barbora  |u 052120  |4 aut  |U FAD Fakulta architektúry a dizajnu  |T FAD Ústav ekologickej a experimentálnej architektúry  |X 115573  |U A2120  |Y 393  |7 115573 
242 0 1 |a Croatian Cultural Center, Jarovce  |y eng 
245 1 0 |a Centrum chorvátskej kultúry, Jarovce 
260 |c 2025 
650 4 |a Jarovce  |2 eng 
650 4 |a sustainability  |2 eng 
650 4 |a public space  |2 eng 
650 4 |a cultural centre  |2 eng 
650 4 |a accessibility  |2 eng 
650 4 |a udržateľnosť  |2 slo 
650 4 |a Jarovce  |2 slo 
650 4 |a kultúrne centrum  |2 slo 
650 4 |a verejný priestor  |2 slo 
650 4 |a prístupnosť  |2 slo 
700 1 |a Morgenstein, Peter  |u 052120  |k Z2  |4 ths  |U FAD Fakulta architektúry a dizajnu  |T FAD Ústav ekologickej a experimentálnej architektúry  |X 15965  |U A2120  |Y 393  |7 A000015965 
856 4 |u http://is.stuba.sk/zp/portal_zp.pl?podrobnosti=168240